000 00313 a2200109 4500
001 ART_33061
005 20260410161926.0
008 260409a
245 1 0 _aReestructuración de estrategias especulativas
100 1 _aWeitemeier, Erico
773 0 _tLecturas
_g- Nº 11 (ene. 2008)
_wREV19328
999 _c28193
_d28193